[Jún 1967. Šesť dní, ktoré zmenili Blízky východ]

Recenzia na monografiu, ktorá ponúka široko koncipovaný pohľad na medzinárodné vzťahy na Blízkom východe v priebehu 11. rokov, kedy sa táto oblasť stala jedným z vedľajších bojíšť studenej vojny. Analýza politického a spoločenského vývoja v arabských krajinách, vrátane medziarabských vzťahov.

Salvato in:
Dettagli Bibliografici
Autore principale: Wanner, Jan
Natura: Capitolo di libro
Lingua:slovacco
Soggetti:
Tags: Aggiungi Tag
Nessun Tag, puoi essere il primo ad aggiungerne!!

MARC

LEADER 00000naa a2200000 4500
001 0149404
005 20220719073507.1
041 0 |a slo 
044 |a SK 
245 1 0 |a [Jún 1967. Šesť dní, ktoré zmenili Blízky východ] 
520 |a Recenzia na monografiu, ktorá ponúka široko koncipovaný pohľad na medzinárodné vzťahy na Blízkom východe v priebehu 11. rokov, kedy sa táto oblasť stala jedným z vedľajších bojíšť studenej vojny. Analýza politického a spoločenského vývoja v arabských krajinách, vrátane medziarabských vzťahov. 
610 2 0 |a recenzie 
610 2 0 |a politika medzinárodná 
610 2 0 |a Arabské štáty 
610 2 0 |a Blízky východ 
100 1 |a Wanner, Jan